|
|
|
|
| LEADER |
00000nam0a2200000 4500 |
| 001 |
366673 |
| 005 |
20231102011914.0 |
| 035 |
|
|
|a (RuTPU)RU\TPU\retro\24036
|
| 090 |
|
|
|a 366673
|
| 100 |
|
|
|a 20220215d1979 m y0rusy50 ca
|
| 101 |
0 |
|
|a rus
|
| 102 |
|
|
|a RU
|
| 105 |
|
|
|a a z 001zy
|
| 200 |
1 |
|
|a Статистические методы в управлении цементным производством
|f Я. Е. Гельфанд
|
| 210 |
|
|
|a Ленинград
|c Стройиздат
|d 1979
|
| 215 |
|
|
|a 127 с.
|c ил.
|
| 320 |
|
|
|a Библиогр.: с. 123-126
|
| 606 |
1 |
|
|a Цементное производство
|2 stltpush
|3 (RuTPU)RU\TPU\subj\80603
|9 88244
|
| 610 |
1 |
|
|a технологические процессы
|
| 610 |
1 |
|
|a управление
|
| 610 |
1 |
|
|a статистически оптимальные системы
|
| 610 |
1 |
|
|a статистические методы
|
| 675 |
|
|
|a 666.94
|v 4
|
| 700 |
|
1 |
|a Гельфанд
|b Я. Е.
|g Яков Евсеевич
|
| 801 |
|
1 |
|a RU
|b 63413507
|c 20220215
|
| 942 |
|
|
|c BK
|